| Tag |
First Indicator |
Second Indicator |
Subfields |
| LEADER |
00000cam a2200000Mi 4500 |
| 001 |
in00003886521 |
| 006 |
m o d |
| 007 |
cr |n||||||||| |
| 008 |
170611t20172017nju ob 001 0 eng d |
| 005 |
20250816205920.1 |
| 020 |
|
|
|a 1400885388
|q (ebk)
|
| 020 |
|
|
|a 9781400885381
|
| 020 |
|
|
|z 0691149550
|
| 020 |
|
|
|z 0691149542
|
| 020 |
|
|
|z 9780691149547
|
| 020 |
|
|
|z 9780691149554
|
| 024 |
8 |
|
|a 99976473129
|
| 035 |
|
|
|a (NhCcYBP)ebc4858197
|
| 037 |
|
|
|a 1005451
|b MIL
|
| 040 |
|
|
|a NhCcYBP
|c NhCcYBP
|d UtOrBLW
|
| 050 |
|
4 |
|a QA273
|b .M55185 2017
|
| 072 |
|
7 |
|a MAT029000
|2 bisacsh
|
| 082 |
0 |
4 |
|a 519.2
|2 23
|
| 100 |
1 |
|
|a Miller, Steven J.,
|d 1974-
|e author.
|0 http://id.loc.gov/authorities/names/no2002039990
|
| 245 |
1 |
4 |
|a The probability lifesaver :
|b all the tools you need to understand chance /
|c Steven J. Miller.
|
| 263 |
|
|
|a 1706
|
| 264 |
|
1 |
|a Princeton :
|b Princeton University Press,
|c [2017]
|
| 264 |
|
4 |
|c ©2017
|
| 300 |
|
|
|a 1 online resource.
|
| 336 |
|
|
|a text
|b txt
|2 rdacontent
|
| 337 |
|
|
|a computer
|b c
|2 rdamedia
|
| 338 |
|
|
|a online resource
|b cr
|2 rdacarrier
|
| 347 |
|
|
|a text file
|b PDF
|2 rda
|
| 490 |
1 |
|
|a A Princeton lifesaver study guide
|
| 504 |
|
|
|a Includes bibliographical references and index.
|
| 588 |
|
|
|a Description based on print version record.
|
| 505 |
8 |
|
|a 2.2 Set Theory Review2.2.1 Coding Digression; 2.2.2 Sizes of Infinity and Probabilities; 2.2.3 Open and Closed Sets; 2.3 Outcome Spaces, Events, and the Axioms of Probability; 2.4 Axioms of Probability; 2.5 Basic Probability Rules; 2.5.1 Law of Total Probability; 2.5.2 Probabilities of Unions; 2.5.3 Probabilities of Inclusions; 2.6 Probability Spaces and [sigma]-algebras; 2.7 Appendix: Experimentally Finding Formulas; 2.7.1 Product Rule for Derivatives; 2.7.2 Probability of a Union; 2.8 Summary; 2.9 Exercises; 3 Counting I: Cards; 3.1 Factorials and Binomial Coefficients
|
| 505 |
0 |
|
|a Cover; Title; Copyright; CONTENTS; Note to Readers; How to Use This Book; I General Theory; 1 Introduction; 1.1 Birthday Problem; 1.1.1 Stating the Problem; 1.1.2 Solving the Problem; 1.1.3 Generalizing the Problem and Solution: Efficiencies; 1.1.4 Numerical Test; 1.2 From Shooting Hoops to the Geometric Series; 1.2.1 The Problem and Its Solution; 1.2.2 Related Problems; 1.2.3 General Problem Solving Tips; 1.3 Gambling; 1.3.1 The 2008 Super Bowl Wager; 1.3.2 Expected Returns; 1.3.3 The Value of Hedging; 1.3.4 Consequences; 1.4 Summary; 1.5 Exercises; 2 Basic Probability Laws; 2.1 Paradoxes
|
| 505 |
8 |
|
|a 3.1.1 The Factorial Function3.1.2 Binomial Coefficients; 3.1.3 Summary; 3.2 Poker; 3.2.1 Rules; 3.2.2 Nothing; 3.2.3 Pair; 3.2.4 Two Pair; 3.2.5 Three of a Kind; 3.2.6 Straights, Flushes, and Straight Flushes; 3.2.7 Full House and Four of a Kind; 3.2.8 Practice Poker Hand: I; 3.2.9 Practice Poker Hand: II; 3.3 Solitaire; 3.3.1 Klondike; 3.3.2 Aces Up; 3.3.3 FreeCell; 3.4 Bridge; 3.4.1 Tic-tac-toe; 3.4.2 Number of Bridge Deals; 3.4.3 Trump Splits; 3.5 Appendix: Coding to Compute Probabilities; 3.5.1 Trump Split and Code; 3.5.2 Poker Hand Codes; 3.6 Summary; 3.7 Exercises
|
| 505 |
8 |
|
|a 4 Conditional Probability, Independence, and Bayes' Theorem4.1 Conditional Probabilities; 4.1.1 Guessing the Conditional Probability Formula; 4.1.2 Expected Counts Approach; 4.1.3 Venn Diagram Approach; 4.1.4 The Monty Hall Problem; 4.2 The General Multiplication Rule; 4.2.1 Statement; 4.2.2 Poker Example; 4.2.3 Hat Problem and Error Correcting Codes; 4.2.4 Advanced Remark: Definition of Conditional Probability; 4.3 Independence; 4.4 Bayes' Theorem; 4.5 Partitions and the Law of Total Probability; 4.6 Bayes' Theorem Revisited; 4.7 Summary; 4.8 Exercises; 5 Counting II: Inclusion-Exclusion
|
| 505 |
8 |
|
|a 5.1 Factorial and Binomial Problems5.1.1 "How many" versus "What's the probability"; 5.1.2 Choosing Groups; 5.1.3 Circular Orderings; 5.1.4 Choosing Ensembles; 5.2 The Method of Inclusion-Exclusion; 5.2.1 Special Cases of the Inclusion-Exclusion Principle; 5.2.2 Statement of the Inclusion-Exclusion Principle; 5.2.3 Justification of the Inclusion-Exclusion Formula; 5.2.4 Using Inclusion-Exclusion: Suited Hand; 5.2.5 The At Least to Exactly Method; 5.3 Derangements; 5.3.1 Counting Derangements; 5.3.2 The Probability of a Derangement; 5.3.3 Coding Derangement Experiments
|
| 546 |
|
|
|a In English.
|
| 500 |
|
|
|a Electronic resource.
|
| 650 |
|
0 |
|a Probabilities.
|0 http://id.loc.gov/authorities/subjects/sh85107090
|
| 650 |
|
0 |
|a Chance.
|0 http://id.loc.gov/authorities/subjects/sh85022484
|
| 650 |
|
0 |
|a Games of chance (Mathematics)
|0 http://id.loc.gov/authorities/subjects/sh85052970
|
| 650 |
|
0 |
|a Random variables.
|0 http://id.loc.gov/authorities/subjects/sh85111355
|
| 655 |
|
7 |
|a Electronic books.
|2 local
|
| 710 |
2 |
|
|a ProQuest (Firm)
|0 http://id.loc.gov/authorities/names/n2007068018
|
| 776 |
1 |
8 |
|i Print version:
|z 9781400885381
|
| 830 |
|
0 |
|a Princeton lifesaver study guide.
|0 http://id.loc.gov/authorities/names/no2007058594
|
| 856 |
4 |
0 |
|u https://ebookcentral.proquest.com/lib/tamucs/detail.action?docID=4858197
|y Connect to the full text of this electronic book
|t 0
|
| 955 |
|
|
|a YBP purchased DDA e-records
|
| 980 |
|
|
|b 124.50
|g 1
|
| 987 |
|
|
|a ybp13277875
|
| 999 |
f |
f |
|s 4b912547-5163-492c-aa9a-a3b1bee635d9
|i b336fe0a-3b4b-31a1-b78c-e8db39dc6e05
|t 0
|
| 952 |
f |
f |
|a Texas A&M University
|b College Station
|c Electronic Resources
|d Available Online
|t 0
|e QA273 .M55185 2017
|h Library of Congress classification
|
| 998 |
f |
f |
|a QA273 .M55185 2017
|t 0
|l Available Online
|